=LDR 00000nam 2200000 4500 =001 INLIS000000000042829 =005 20150207143435.0 =006 =007 =008 Ind =035 ##$$0010-101300000000751 =041 ##$$a Ind =082 ##$$a 616.462 =090 ##$$a 616.462, Wid k =100 ##$$a Widharto =245 ##$$a Kencing Manis ( Diabetes ), Widharto; editor, Santi Kurniawati =260 ##$$a 2007 $b Jakarta =300 ##$$a iv, 44 hlm., 21 cm =650 ##$$a Diabetes =850 ##$$a NBPNMAT =990 ##$$a 21194802/BPAP-NTB/2014 =990 ##$$a 0001/BPAP-NTB/20142014 =990 ##$$a 0001/BPAP-NTB/20142015 =990 ##$$a 0001/BPAP-NTB/2016